Normal view MARC view

Entry Nombre personal

Number of records used in: 5

001 - NÚMERO DE CONTROL

  • campo de control: 34442

003 - IDENTIFICADOR DE NÚMERO DE CONTROL

  • campo de control: OSt

005 - FECHA Y HORA DE LA ÚLTIMA TRANSACCIÓN

  • campo de control: 20231221182054.0

008 - ELEMENTOS DE DATO DE LONGITUD-FIJA

  • campo de control de longitud fija: 071108 n acnnnaaan n bnn d

040 ## - FUENTE DE CATALOGACIÓN

  • Centro catalogador/agencia de origen: OSt
  • Centro/agencia transcriptor: OSt

100 1# - ENCABEZAMIENTO-NOMBRE DE PERSONA

  • Nombre de persona: Candamo, Luis G. de,
  • Fechas asociadas al nombre: 1922-2012

373 ## - GRUPO ASOCIADO

  • Grupo asociado: Socio del Ateneo de Madrid
  • Fin de período: 2022
  • Fuente de información: Web del Ateneo

400 1# - TRAZADO DE VÉASE--NOMBRE DE PERSONA

  • Nombre de persona: González de Candamo, Luis,
  • Fechas asociadas al nombre: 1922-2012

400 1# - TRAZADO DE VÉASE--NOMBRE DE PERSONA

  • Nombre de persona: González de Candamo y Feliú, Luis,
  • Fechas asociadas al nombre: 1922-2012

678 ## - DATOS BIOGRÁFICOS O HISTÓRICOS

  • Datos biográficos o históricos: Socio del Ateneo de Madrid
  • Ampliación de la nota: Fuente: Web del Ateneo